000 00537nam a2200181Ia 4500
003 GCL
008 140319s9999 xx 000 0 ara d
040 _aGCL /
_cGCL
082 0 4 _a301.34
_bم ط
100 1 _aمحمود جاب الله (رسوم)
245 1 0 _aالطبقة الوسطى المصرية: المسار والمصير /
_cمحمود جاب الله (رسوم)
700 1 _aمحمود جاد
300 _a53
490 _aكتاب
_v0
650 0 4 _aالاجتماع
650 0 4 _aالمجتمعات
942 _2ddc
_cBK
999 _c42529
_d42529